000 00270nam a2200109Ia 4500
008 200302s9999 xx 000 0 und d
100 _aHenri Stierlin
245 _aEncyclopedia of World Architecture 2
260 _bMacmillan Press Ltd.
260 _c1979
300 _a255 P.,
999 _c130
_d130